MARC

LEADER 00000nam0a2200000 4500
001 670623
005 20240404163034.0
090 |a 670623 
100 |a 20240208d2008 m||y0rusy50 ca 
101 0 |a rus 
102 |a RU 
105 |a a z 000yy 
181 0 |a i   |b  e  
182 0 |a n 
183 0 |a nc  |2 RDAcarrier 
200 1 |a Мудрость уймонских старцев  |f Р. П. Кучуганова 
203 |a Текст  |b визуальный  |c непосредственный 
210 |a Новосибирск  |c Art-Avenue  |d 2008 
215 |a 147 c.  |c ил. 
283 |a volume  |2 RDAcarrier 
606 1 |a Народы Сибири  |x Этнология  |9 83730 
606 1 |a Краеведение  |9 42256 
610 1 |a старообрядцы 
610 1 |a Уймонские старцы 
610 1 |a Уймонская долина 
610 1 |a Республика Алтай 
610 1 |a культура 
610 1 |a обряды 
610 1 |a обычаи 
610 1 |a нравы 
610 1 |a кержаки 
610 1 |a пословицы 
610 1 |a поговорки 
610 1 |a народные приметы 
610 1 |a заговоры 
610 1 |a фольклор 
675 |a 908  |v 4  |z rus 
686 |2 rubbk  |a Т52(25) 
700 1 |a Кучуганова  |b Р. П.  |g Раиса Павловна 
801 0 |a RU  |b 63413507  |c 20240208  
942 |c BK